Chimie de A à Z - Lettre C - Statistiques

Statistiques générales
  • Ce quiz a été pris 231 fois
  • Le résultat moyen est 10 sur 20
Statistiques - réponses
Hint Réponse % Correct
Elément chimique à la base de la chimie organique. Carbone
96%
L'une des très rares double lauréats de prix Nobel, récompensée en Physique en 1903 (découverte de la radioactivité) et en Chimie en 1911 (découverte du radium et du polonium). Marie {Curie}
94%
Métal orangé constituant les fils électriques notamment. Cuivre
80%
Nom chimique du sel de table. Chlorure de sodium
77%
Espèce permettant d'accélerer une réaction chimique sans y être consommée. Catalyseur
73%
Electrode siège de la réduction. Cathode
68%
Principal gaz à effet de serre. CO2
68%
Elément métallique dont les oxydes sont très toxiques et qui est associé dans une expression du langage courant au nickel. Chrome
64%
Domaine de la chimie concernant l'étude de la vitesse de réaction. Cinétique
45%
Technique analytique, parfois séparative, basée sur la différence d'affinité des composés analysés pour une phase mobile et pour une phase stationnaire. Chromatographie
43%
Qualifie une molécule non superposable à son image dans un miroir plan. Chiral
42%
Composé chimique célèbre pour sa toxicité. Environ 0,1 g suffisent à tuer un adulte. Cyanure de potassium
38%
Espèce ionique dont la charge positive est portée par un atome de carbone. C'est l'intermédiaire réactionnel d'une substitution nucléophile d'ordre 1. Carbocation
32%
Réaction chimique d'oxydation des métaux, responsable de l'apparition de la rouille par exemple. Corrosion
26%
Chimiste américain du XXème siècle qui inventa une nouvelle représentation de molécules en perspective. Cram
26%
Elément à la base du fonctionnement des horloges atomiques. Césium
25%
Règles de classement des substituants en chimie organique permettant la détermination de descripteur stéréochimique. {Cahn}-Ingold-Prelog
20%
Elément composant certains matériaux semi-conducteurs.Toxique, sa manipulation est interdite au personnel temporaire dans l'industrie en France. Cadmium
18%
Isomères ne différant que par une rotation autour d'une liaison simple. Conformère
14%
Chimiste française ayant reçu le prix Nobel de Chimie en 2020 pour son développement des ciseaux moléculaires utilisés en génétique. Emmanuelle {Charpentier}
7%
Aucun quiz correspondant
Distribution des résultats
% des personnes avec chaque résultat
Percentile par nombre de réponses
Votre historique - résultats
Vous n’avez pas pris ce quiz